[Event "Niedersachsen-ch op-B"]
[Site "Verden"]
[Date "2014.01.05"]
[Round "7"]
[White "Dautaj, Tim"]
[Black "Ter Stal, Lars"]
[Result "0-1"]
[WhiteElo "939"]
[BlackElo "1025"]
[PlyCount "102"]
[EventDate "2014.01.02"]
[EventType "swiss"]
[EventRounds "7"]
[EventCountry "GER"]
[SourceTitle "EXT 2016"]
[Source "ChessBase"]
[SourceDate "2015.10.08"]
[SourceVersion "1"]
[SourceVersionDate "2015.10.08"]
[SourceQuality "1"]

1. e4 e6 2. Nf3 d5 3. exd5 exd5 4. Nc3 Bg4 5. h3 Bh5 6. Be2 c5 7. 0-0 Nf6 8. Ne5 Bxe2 9. Qxe2 Be7 10. d3 0-0 11. Ng4 Re8 12. Nxf6+ Bxf6 13. Qf3 Bxc3 14. bxc3 Nc6 15. Qg3 Qf6 16. Bd2 Re6 17. Rab1 b6 18. d4 cxd4 19. cxd4 Nxd4 20. Bc3 Ne2+ 21. Kh2 Nxg3 22. Bxf6 Nxf1+ 23. Rxf1 Rxf6 24. Rd1 Rxf2 25. Rxd5 Rxc2 26. a4 g6 27. Kg3 Rac8 28. Kh4 a5 29. Rb5 R8c4+ 30. g4 g5+ 31. Kxg5 Rc5+ 32. Rxc5 Rxc5+ 33. Kh4 Rc3 34. g5 Kg7 35. Kh5 Rxh3+ 36. Kg4 Ra3 37. Kf5 Rxa4 38. Ke5 b5 39. Kd6 f5 40. gxf6+ Kxf6 41. Kc5 b4 42. Kc4 h5 43. Kd4 h4 44. Ke3 b3 45. Kd2 h3 46. Kc3 h2 47. Kxb3 h1Q 48. Kxa4 Qb7 49. Kxa5 Ke5 50. Ka4 Kd4 51. Ka3 Kc3 0-1

[Event "Niedersachsen-ch op-B"]
[Site "Verden"]
[Date "2014.01.03"]
[Round "3"]
[White "Dautaj, Tim"]
[Black "Buchloh, Adrian"]
[Result "0-1"]
[WhiteElo "939"]
[BlackElo "1454"]
[PlyCount "72"]
[EventDate "2014.01.02"]
[EventType "swiss"]
[EventRounds "7"]
[EventCountry "GER"]
[SourceTitle "EXT 2016"]
[Source "ChessBase"]
[SourceDate "2015.10.08"]
[SourceVersion "1"]
[SourceVersionDate "2015.10.08"]
[SourceQuality "1"]

1. e4 c5 2. d4 cxd4 3. Qxd4 Nc6 4. Qd1 e6 5. Nf3 Nf6 6. e5 Nd5 7. Bd2 Bc5 8. Nc3 Nxc3 9. Bxc3 0-0 10. Bd3 d5 11. exd6 Bxd6 12. 0-0 Qc7 13. Qd2 Re8 14. Qg5 f5 15. Qh5 Rf8 16. Ng5 g6 17. h4 Be5 18. Rae1 Bxc3 19. bxc3 e5 20. Qh6 Qg7 21. Bc4+ Kh8 22. Qxg7+ Kxg7 23. Be6 h6 24. Bxc8 Rfxc8 25. Nf3 e4 26. Nd2 Ne5 27. Re3 Rc7 28. Rb1 Rd8 29. Nf1 b6 30. Ng3 Ng4 31. Re2 Rxc3 32. f3 exf3 33. gxf3 Ne3 34. Rbe1 Nxc2 35. Re7+ Kh8 36. Rxa7 Nxe1 0-1

[Event "Niedersachsen-ch op-B"]
[Site "Verden"]
[Date "2014.01.02"]
[Round "2"]
[White "Jaiser, Bennet"]
[Black "Dautaj, Tim"]
[Result "0-1"]
[WhiteElo "1295"]
[BlackElo "939"]
[PlyCount "46"]
[EventDate "2014.01.02"]
[EventType "swiss"]
[EventRounds "7"]
[EventCountry "GER"]
[SourceTitle "EXT 2016"]
[Source "ChessBase"]
[SourceDate "2015.10.08"]
[SourceVersion "1"]
[SourceVersionDate "2015.10.08"]
[SourceQuality "1"]

1. d4 d5 2. c4 dxc4 3. e4 Nf6 4. Nc3 Nc6 5. Nf3 Bg4 6. d5 Ne5 7. Be2 e6 8. Nxe5 Bxe2 9. Qxe2 exd5 10. exd5 Be7 11. Qxc4 0-0 12. 0-0 Bd6 13. Nf3 Qe7 14. Re1 Qd7 15. Bg5 Qf5 16. Bxf6 Qxf6 17. Re2 Rfe8 18. Rae1 Rxe2 19. Rxe2 Qf5 20. Qb3 b6 21. h3 Rd8 22. Nd4 Qf4 23. Nc6 Qh2+ 0-1